The Impact of Green Technologies on GDP and Employment in the EU
Salvato in:
| Autore principale: | |
|---|---|
| Altri autori: | , |
| Natura: | Libro |
| Lingua: | inglese |
| Pubblicazione: |
Vienna
The Vienna Institute for International Economic Studies
2024
|
| Soggetti: | |
| Tags: |
Nessun Tag, puoi essere il primo ad aggiungerne!!
|
MARC
| LEADER | 00000nlm a2200000 4500 | ||
|---|---|---|---|
| 001 | 0302823 | ||
| 005 | 20240625145908.6 | ||
| 041 | 0 | |a eng | |
| 044 | |a AT | ||
| 245 | 1 | 0 | |a The Impact of Green Technologies on GDP and Employment in the EU |c Francesca Guadagno, Oliver Reiter and Robert Stehrer |
| 264 | 1 | |a Vienna |b The Vienna Institute for International Economic Studies |c 2024 | |
| 300 | |a 29 s. | ||
| 610 | 2 | 0 | |a technológie nové |
| 610 | 2 | 0 | |a ekonomika zelená |
| 610 | 2 | 0 | |a ekológia |
| 610 | 2 | 0 | |a automobily |
| 610 | 2 | 0 | |a produkt domáci hrubý |
| 610 | 2 | 0 | |a zamestnateľnosť |
| 100 | 1 | |a Guadagno, Francesca | |
| 700 | 1 | |a Reiter, Oliver | |
| 700 | 1 | |a Stehrer, Robert | |